|
|
|
|
| LEADER |
00865naa a2200205 i 4500 |
| 001 |
acta78699 |
| 005 |
20230427152154.0 |
| 008 |
230427s1995 hu o 0|| hun d |
| 020 |
|
|
|a 963 482 087 5
|
| 040 |
|
|
|a SZTE Egyetemi Kiadványok Repozitórium
|b hun
|
| 041 |
|
|
|a hun
|
| 100 |
1 |
|
|a Bárdi Nándor
|
| 245 |
1 |
0 |
|a Várady Tibor (1939)
|h [elektronikus dokumentum] :
|b "...egy-egy tematikus szám közös roham volt saját korlátáink ellen..." /
|c Bárdi Nándor
|
| 260 |
|
|
|a JATE Szláv Filológiai Tanszék
|b Szeged
|c 1995
|
| 300 |
|
|
|a 74-83
|
| 490 |
0 |
|
|a Rózsaszín flastrom : beszélgetések vajdasági írókkal
|
| 650 |
|
4 |
|a Bölcsészettudományok
|
| 650 |
|
4 |
|a Nyelvek és irodalom
|
| 695 |
|
|
|a Várady Tibor, Magyar irodalom - Vajdaság - 20. sz. - interjú
|
| 856 |
4 |
0 |
|u http://acta.bibl.u-szeged.hu/78699/1/rozsaszin_flastrom_1995_074-083.pdf
|z Dokumentum-elérés
|